[Event "Girls U14 Polish Youth Championship"]
[Site "chess24.com"]
[Date "2018.05.05"]
[Round "9"]
[White "Wojtas, Julia"]
[Black "Anyz, Monika"]
[Result "1-0"]
[Board "14"]
[WhiteElo "1436"]
[WhiteCountry "POL"]
[WhiteFideId "21825394"]
[WhiteEloChange "8"]
[BlackElo "1349"]
[BlackCountry "POL"]
[BlackFideId "21816530"]
[BlackEloChange "-8"]

1. d4 {[%clk 1:30:57]} d5 {[%clk 1:30:35]} 2. Nc3 {[%clk 1:31:10]} Nf6 {[%clk
1:30:56]} 3. Bg5 {[%clk 1:31:09]} e6 {[%clk 1:31:14]} 4. e4 {[%clk 1:31:10]} dxe4
{[%clk 1:30:53]} 5. Nxe4 {[%clk 1:30:46]} Be7 {[%clk 1:30:52]} 6. Bxf6 {[%clk
1:27:55]} Bxf6 {[%clk 1:31:08]} 7. Nf3 {[%clk 1:26:50]} Nc6 {[%clk 1:28:28]} 8.
c3 {[%clk 1:25:57]} O-O {[%clk 1:27:29]} 9. Bd3 {[%clk 1:25:00]} b6 {[%clk
1:18:39]} 10. Qc2 {[%clk 1:15:48]} h6 {[%clk 1:17:03]} 11. O-O-O {[%clk 1:14:43]}
a5 {[%clk 1:15:18]} 12. h4 {[%clk 1:13:16]} a4 {[%clk 1:11:48]} 13. g4 {[%clk
1:11:28]} e5 {[%clk 1:05:00]} 14. g5 {[%clk 1:06:06]} Be7 {[%clk 1:02:45]} 15.
gxh6 {[%clk 1:01:12]} g6 {[%clk 1:01:41]} 16. Rdg1 {[%clk 0:59:27]} Kh8 {[%clk
0:58:08]} 17. h5 {[%clk 0:55:57]} Bf5 {[%clk 0:56:33]} 18. Neg5 {[%clk 0:51:36]}
Bxd3 {[%clk 0:49:58]} 19. Qxd3 {[%clk 0:51:35]} exd4 {[%clk 0:33:38]} 20. hxg6
{[%clk 0:49:26]} fxg6 {[%clk 0:32:41]} 21. Qxg6 {[%clk 0:48:05]} Bxg5+ {[%clk
0:32:31]} 22. Nxg5 {[%clk 0:48:02]} Qe7 {[%clk 0:32:46]} 23. Qg7+ {[%clk
0:44:48]} Qxg7 {[%clk 0:33:00]} 24. hxg7+ {[%clk 0:45:12]} Kxg7 {[%clk 0:33:24]}
25. Ne6+ {[%clk 0:45:22]} Kf7 {[%clk 0:33:39]} 26. Nxf8 {[%clk 0:45:30]} Rxf8
{[%clk 0:33:49]} 27. Rh7+ {[%clk 0:45:48]} Ke6 {[%clk 0:34:04]} 28. Rg6+ {[%clk
0:45:11]} Kd5 {[%clk 0:34:17]} 29. c4+ {[%clk 0:45:18]} Kxc4 {[%clk 0:32:31]} 30.
Rxc6+ {[%clk 0:43:40]} Kd3 {[%clk 0:32:39]} 31. Rcxc7 {[%clk 0:40:40]} Rxf2
{[%clk 0:30:53]} 32. Rh3+ {[%clk 0:40:54]} Ke4 {[%clk 0:30:36]} 33. Rc2 {[%clk
0:39:00]} Rf1+ {[%clk 0:27:02]} 34. Kd2 {[%clk 0:39:17]} Rg1 {[%clk 0:19:26]} 35.
Rh2 {[%clk 0:30:21]} Rg4 {[%clk 0:15:49]} 36. Rc4 {[%clk 0:27:24]} b5 {[%clk
0:12:48]} 37. Rb4 {[%clk 0:26:07]} Kd5 {[%clk 0:05:37]} 38. Rxb5+ {[%clk
0:24:15]} Kc4 {[%clk 0:05:59]} 39. Ra5 {[%clk 0:23:35]} Kb4 {[%clk 0:06:16]} 40.
Ra8 {[%clk 0:23:14]} Rf4 {[%clk 0:05:53]} 41. a3+ {[%clk 0:22:36]} Kb3 {[%clk
0:06:00]} 42. Rb8+ {[%clk 0:22:42]} Ka2 {[%clk 0:05:38]} 43. Rb4 {[%clk 0:22:13]}
Rf1 {[%clk 0:05:15]} 44. Rxd4 {[%clk 0:19:54]} Rb1 {[%clk 0:04:50]} 45. Kc3
{[%clk 0:18:15]} Rh1 {[%clk 0:04:20]} 46. Rdd2 {[%clk 0:15:08]} Rd1 {[%clk
0:04:06]} 47. b4+ {[%clk 0:14:44]} Rxd2 {[%clk 0:04:30]} 48. Rxd2+ {[%clk
0:15:06]} Kxa3 {[%clk 0:04:43]} 49. Rd4 {[%clk 0:15:07]} Ka2 {[%clk 0:05:07]} 50.
Kc2 {[%clk 0:15:00]} Ka1 {[%clk 0:04:52]} 51. Rd3 {[%clk 0:14:48]} 1-0

[Event "Girls U14 Polish Youth Championship"]
[Site "chess24.com"]
[Date "2018.05.05"]
[Round "9"]
[White "Kieca, Aleksandra"]
[Black "Mrozek, Zofia"]
[Result "1-0"]
[Board "15"]
[WhiteElo "1427"]
[WhiteCountry "POL"]
[WhiteFideId "21826102"]
[WhiteEloChange "5"]
[BlackElo "1234"]
[BlackCountry "POL"]
[BlackFideId "21855986"]
[BlackEloChange "-5"]

1. e4 {[%clk 1:30:30]} c5 {[%clk 1:30:54]} 2. Nf3 {[%clk 1:30:54]} g6 {[%clk
1:30:53]} 3. d4 {[%clk 1:30:52]} cxd4 {[%clk 1:31:12]} 4. Nxd4 {[%clk 1:30:46]}
Bg7 {[%clk 1:30:40]} 5. Nc3 {[%clk 1:29:58]} Nc6 {[%clk 1:30:08]} 6. Nb3 {[%clk
1:27:01]} Nf6 {[%clk 1:28:40]} 7. Be2 {[%clk 1:26:50]} O-O {[%clk 1:27:58]} 8.
O-O {[%clk 1:27:04]} d6 {[%clk 1:25:26]} 9. Re1 {[%clk 1:26:48]} Be6 {[%clk
1:23:48]} 10. Bg5 {[%clk 1:26:57]} Rc8 {[%clk 1:22:16]} 11. Bf1 {[%clk 1:26:46]}
Ne5 {[%clk 1:17:07]} 12. Nd5 {[%clk 1:24:34]} Bxd5 {[%clk 1:15:37]} 13. exd5
{[%clk 1:24:49]} Qb6 {[%clk 1:14:06]} 14. h3 {[%clk 1:20:46]} Rfe8 {[%clk
1:12:41]} 15. c3 {[%clk 1:18:29]} Nfd7 {[%clk 1:03:43]} 16. Qd2 {[%clk 1:14:25]}
Nc5 {[%clk 1:02:44]} 17. Nd4 {[%clk 1:09:52]} a6 {[%clk 0:58:51]} 18. Kh1 {[%clk
0:49:29]} Qd8 {[%clk 0:57:04]} 19. a4 {[%clk 0:46:22]} Ncd7 {[%clk 0:55:15]} 20.
f4 {[%clk 0:38:25]} Nc4 {[%clk 0:55:07]} 21. Bxc4 {[%clk 0:38:45]} Rxc4 {[%clk
0:55:20]} 22. Qe2 {[%clk 0:38:53]} Rc8 {[%clk 0:55:03]} 23. a5 {[%clk 0:34:14]}
Nf6 {[%clk 0:53:51]} 24. Qf3 {[%clk 0:27:21]} Rc5 {[%clk 0:51:23]} 25. b4 {[%clk
0:26:58]} Rc4 {[%clk 0:50:37]} 26. Re3 {[%clk 0:25:56]} Qc7 {[%clk 0:48:15]} 27.
Rae1 {[%clk 0:25:13]} Qd7 {[%clk 0:45:20]} 28. Nc2 {[%clk 0:18:40]} Kf8 {[%clk
0:39:48]} 29. Nd4 {[%clk 0:16:06]} Qc7 {[%clk 0:38:46]} 30. f5 {[%clk 0:15:05]}
Qd7 {[%clk 0:35:02]} 31. fxg6 {[%clk 0:14:46]} hxg6 {[%clk 0:35:21]} 32. Rf1
{[%clk 0:13:43]} Kg8 {[%clk 0:34:39]} 33. g4 {[%clk 0:12:46]} Rc7 {[%clk
0:32:42]} 34. Bh4 {[%clk 0:12:01]} Rf8 {[%clk 0:32:45]} 35. Rfe1 {[%clk 0:10:58]}
Re8 {[%clk 0:31:42]} 36. Kg2 {[%clk 0:08:18]} Qa4 {[%clk 0:28:56]} 37. R1e2
{[%clk 0:07:06]} Qd7 {[%clk 0:29:04]} 38. Rf2 {[%clk 0:05:43]} Rf8 {[%clk
0:29:12]} 39. Bg5 {[%clk 0:05:30]} Qc8 {[%clk 0:27:11]} 40. Rfe2 {[%clk 0:05:23]}
Qd8 {[%clk 0:26:09]} 41. h4 {[%clk 0:04:58]} Re8 {[%clk 0:25:33]} 42. Bxf6 {[%clk
0:04:44]} Bxf6 {[%clk 0:25:42]} 43. Qxf6 {[%clk 0:04:52]} exf6 {[%clk 0:25:56]}
44. Rxe8+ {[%clk 0:05:11]} Qxe8 {[%clk 0:26:14]} 45. Rxe8+ {[%clk 0:05:34]} Kg7
{[%clk 0:26:35]} 46. Re3 {[%clk 0:05:58]} 1-0

[Event "Girls U14 Polish Youth Championship"]
[Site "chess24.com"]
[Date "2018.05.05"]
[Round "9"]
[White "Szczypawka, Aleksandra"]
[Black "Reszka, Zofia"]
[Result "1-0"]
[Board "16"]
[WhiteElo "1483"]
[WhiteCountry "POL"]
[WhiteFideId "21816794"]
[WhiteEloChange "5"]
[BlackElo "1286"]
[BlackCountry "POL"]
[BlackFideId "21813930"]
[BlackEloChange "-5"]

1. e4 {[%clk 1:30:58]} c5 {[%clk 1:30:51]} 2. Nc3 {[%clk 1:31:24]} Nc6 {[%clk
1:31:04]} 3. f4 {[%clk 1:31:50]} d6 {[%clk 1:31:18]} 4. Nf3 {[%clk 1:32:11]} g6
{[%clk 1:31:03]} 5. g3 {[%clk 1:32:22]} Bg7 {[%clk 1:30:15]} 6. Bg2 {[%clk
1:32:24]} Bd7 {[%clk 1:28:51]} 7. O-O {[%clk 1:32:43]} e6 {[%clk 1:27:47]} 8. Kh1
{[%clk 1:29:33]} Nge7 {[%clk 1:26:08]} 9. d3 {[%clk 1:21:21]} O-O {[%clk
1:25:11]} 10. Nb5 {[%clk 1:17:08]} Bc8 {[%clk 1:21:43]} 11. c3 {[%clk 1:15:31]}
a6 {[%clk 1:19:23]} 12. Na3 {[%clk 1:15:55]} d5 {[%clk 1:17:13]} 13. e5 {[%clk
1:13:30]} b6 {[%clk 1:12:43]} 14. Nc2 {[%clk 1:10:03]} Bb7 {[%clk 1:09:52]} 15.
d4 {[%clk 1:09:27]} Qc7 {[%clk 1:04:08]} 16. g4 {[%clk 1:07:08]} Rac8 {[%clk
1:00:09]} 17. Be3 {[%clk 1:06:09]} Na5 {[%clk 0:56:46]} 18. Bg1 {[%clk 0:51:38]}
f6 {[%clk 0:52:32]} 19. Qe1 {[%clk 0:43:01]} cxd4 {[%clk 0:49:38]} 20. Nfxd4
{[%clk 0:39:25]} Qd7 {[%clk 0:43:42]} 21. exf6 {[%clk 0:38:16]} Bxf6 {[%clk
0:41:31]} 22. Qxe6+ {[%clk 0:30:36]} Qxe6 {[%clk 0:37:50]} 23. Nxe6 {[%clk
0:31:00]} Rfe8 {[%clk 0:37:22]} 24. Bxb6 {[%clk 0:27:14]} Nc4 {[%clk 0:33:16]}
25. Bd4 {[%clk 0:25:58]} Bxd4 {[%clk 0:29:19]} 26. Nexd4 {[%clk 0:25:02]} Nd2
{[%clk 0:25:10]} 27. Rfe1 {[%clk 0:24:17]} Ne4 {[%clk 0:23:11]} 28. Kg1 {[%clk
0:21:22]} Nc6 {[%clk 0:20:35]} 29. Rad1 {[%clk 0:18:44]} Na5 {[%clk 0:17:11]} 30.
Ne3 {[%clk 0:16:44]} Nc4 {[%clk 0:12:18]} 31. Nxc4 {[%clk 0:12:32]} Rxc4 {[%clk
0:11:53]} 32. f5 {[%clk 0:11:30]} gxf5 {[%clk 0:10:46]} 33. Nxf5 {[%clk 0:11:45]}
Ra4 {[%clk 0:04:26]} 34. a3 {[%clk 0:08:20]} Kf7 {[%clk 0:03:34]} 35. Bxe4 {[%clk
0:08:08]} Raxe4 {[%clk 0:02:32]} 36. Rxe4 {[%clk 0:04:50]} dxe4 {[%clk 0:02:28]}
37. Nd6+ {[%clk 0:04:35]} Ke7 {[%clk 0:02:20]} 38. Nxb7 {[%clk 0:05:00]} Kf6
{[%clk 0:02:09]} 39. Nd6 {[%clk 0:04:50]} Re6 {[%clk 0:01:58]} 40. Nf5 {[%clk
0:04:28]} Kg5 {[%clk 0:01:36]} 41. Ne3 {[%clk 0:04:25]} Kf4 {[%clk 0:01:33]} 42.
Kf2 {[%clk 0:04:50]} Rh6 {[%clk 0:01:30]} 43. Nd5+ {[%clk 0:03:37]} Kxg4 {[%clk
0:01:18]} 44. Rg1+ {[%clk 0:03:25]} Kf5 {[%clk 0:01:19]} 45. Ne3+ {[%clk
0:05:24]} Ke6 {[%clk 0:01:27]} 46. Rg2 {[%clk 0:04:40]} Rf6+ {[%clk 0:01:32]} 47.
Ke2 {[%clk 0:05:04]} h5 {[%clk 0:01:39]} 48. Rg5 {[%clk 0:04:05]} h4 {[%clk
0:01:29]} 49. Rg4 {[%clk 0:04:27]} Kf7 {[%clk 0:01:09]} 50. Rxe4 {[%clk 0:04:45]}
Rb6 {[%clk 0:01:03]} 51. b4 {[%clk 0:04:59]} Rc6 {[%clk 0:01:16]} 52. c4 {[%clk
0:05:23]} Rh6 {[%clk 0:01:27]} 53. Nf5 {[%clk 0:05:44]} Rh5 {[%clk 0:01:02]} 54.
Nxh4 {[%clk 0:06:01]} a5 {[%clk 0:00:50]} 55. c5 {[%clk 0:06:21]} Rd5 {[%clk
0:00:37]} 56. c6 {[%clk 0:06:32]} axb4 {[%clk 0:00:38]} 57. axb4 {[%clk 0:06:57]}
Rd8 {[%clk 0:00:34]} 58. b5 {[%clk 0:07:23]} Kf6 {[%clk 0:00:32]} 59. c7 {[%clk
0:07:45]} Rc8 {[%clk 0:00:41]} 60. b6 {[%clk 0:08:07]} 1-0

[Event "Girls U14 Polish Youth Championship"]
[Site "chess24.com"]
[Date "2018.05.05"]
[Round "9"]
[White "Mucha, Marta"]
[Black "Nowak, Roksana"]
[Result "0-1"]
[Board "17"]
[WhiteElo "1432"]
[WhiteCountry "POL"]
[WhiteFideId "1195123"]
[WhiteEloChange "-12"]
[BlackElo "1352"]
[BlackCountry "POL"]
[BlackFideId "21847991"]
[BlackEloChange "12"]

1. d4 {[%clk 1:30:54]} Nf6 {[%clk 1:30:54]} 2. Nf3 {[%clk 1:31:11]} g6 {[%clk
1:31:18]} 3. e3 {[%clk 1:31:15]} Bg7 {[%clk 1:31:42]} 4. Be2 {[%clk 1:31:05]} O-O
{[%clk 1:32:04]} 5. O-O {[%clk 1:31:06]} d6 {[%clk 1:31:56]} 6. c4 {[%clk
1:30:59]} Re8 {[%clk 1:30:43]} 7. Nc3 {[%clk 1:30:00]} Nc6 {[%clk 1:28:39]} 8. b3
{[%clk 1:26:00]} Nd7 {[%clk 1:24:12]} 9. Bb2 {[%clk 1:23:32]} e5 {[%clk 1:24:21]}
10. dxe5 {[%clk 1:19:50]} Ndxe5 {[%clk 1:24:24]} 11. Nxe5 {[%clk 1:14:39]} Bxe5
{[%clk 1:24:23]} 12. Bf3 {[%clk 1:12:26]} h5 {[%clk 1:16:00]} 13. Rb1 {[%clk
1:04:38]} Qh4 {[%clk 1:08:10]} 14. g3 {[%clk 1:02:44]} Qg5 {[%clk 1:03:55]} 15.
h4 {[%clk 0:58:18]} Qd8 {[%clk 1:00:00]} 16. Nd5 {[%clk 0:56:34]} Be6 {[%clk
0:57:30]} 17. Nf4 {[%clk 0:53:17]} Bf5 {[%clk 0:52:18]} 18. Nd3 {[%clk 0:47:07]}
Qf6 {[%clk 0:38:06]} 19. Bxc6 {[%clk 0:41:56]} bxc6 {[%clk 0:37:40]} 20. Bxe5
{[%clk 0:41:59]} dxe5 {[%clk 0:37:46]} 21. Qe2 {[%clk 0:41:25]} Rad8 {[%clk
0:37:15]} 22. e4 {[%clk 0:41:09]} Bh3 {[%clk 0:36:40]} 23. Rfe1 {[%clk 0:40:22]}
Re7 {[%clk 0:26:12]} 24. Nc5 {[%clk 0:36:28]} Rd4 {[%clk 0:25:17]} 25. b4 {[%clk
0:33:20]} Re8 {[%clk 0:24:01]} 26. Rec1 {[%clk 0:29:13]} Red8 {[%clk 0:21:06]}
27. a4 {[%clk 0:28:17]} a6 {[%clk 0:20:34]} 28. Qe3 {[%clk 0:21:54]} Kg7 {[%clk
0:18:49]} 29. Qb3 {[%clk 0:20:58]} Rd2 {[%clk 0:17:10]} 30. Qe3 {[%clk 0:19:56]}
R2d4 {[%clk 0:17:04]} 31. Qb3 {[%clk 0:19:26]} Rd2 {[%clk 0:16:42]} 32. Qe3
{[%clk 0:18:31]} Bg4 {[%clk 0:13:57]} 33. Kg2 {[%clk 0:17:38]} Re2 {[%clk
0:13:51]} 34. Re1 {[%clk 0:15:09]} Rxe3 {[%clk 0:13:55]} 35. Rxe3 {[%clk
0:15:31]} Rd2 {[%clk 0:13:57]} 36. Rf1 {[%clk 0:15:33]} Be2 {[%clk 0:13:11]} 0-1

[Event "Girls U14 Polish Youth Championship"]
[Site "chess24.com"]
[Date "2018.05.05"]
[Round "9"]
[White "Bugaj, Hanna"]
[Black "Szewczyk, Malwina"]
[Result "1-0"]
[Board "18"]
[WhiteElo "1427"]
[WhiteCountry "POL"]
[WhiteFideId "21829870"]
[WhiteEloChange "5"]
[BlackElo "1257"]
[BlackCountry "POL"]
[BlackFideId "21801649"]
[BlackEloChange "-5"]

1. e4 {[%clk 1:30:57]} c5 {[%clk 1:30:47]} 2. Nf3 {[%clk 1:31:19]} Nc6 {[%clk
1:30:59]} 3. d4 {[%clk 1:31:30]} cxd4 {[%clk 1:31:17]} 4. Nxd4 {[%clk 1:31:52]}
g6 {[%clk 1:31:07]} 5. c4 {[%clk 1:32:00]} Bg7 {[%clk 1:31:10]} 6. Be3 {[%clk
1:32:05]} Nf6 {[%clk 1:29:25]} 7. Nc3 {[%clk 1:32:16]} Ng4 {[%clk 1:29:35]} 8.
Qxg4 {[%clk 1:32:30]} Nxd4 {[%clk 1:29:55]} 9. Qd1 {[%clk 1:32:39]} Nc6 {[%clk
1:29:54]} 10. Rc1 {[%clk 1:32:35]} Qa5 {[%clk 1:27:27]} 11. Be2 {[%clk 1:32:23]}
Nb4 {[%clk 1:25:54]} 12. O-O {[%clk 1:17:33]} Nxa2 {[%clk 1:25:33]} 13. Nxa2
{[%clk 1:17:35]} Qxa2 {[%clk 1:25:31]} 14. Bd4 {[%clk 1:16:21]} Bxd4 {[%clk
1:25:28]} 15. Qxd4 {[%clk 1:16:38]} O-O {[%clk 1:25:46]} 16. Ra1 {[%clk 1:11:34]}
Qb3 {[%clk 1:26:00]} 17. Ra3 {[%clk 1:10:11]} Qb4 {[%clk 1:25:53]} 18. e5 {[%clk
1:08:07]} d6 {[%clk 1:25:34]} 19. Rd1 {[%clk 0:53:38]} Be6 {[%clk 1:24:22]} 20.
exd6 {[%clk 0:49:37]} exd6 {[%clk 1:24:34]} 21. Re3 {[%clk 0:37:28]} Rfc8 {[%clk
1:23:30]} 22. b3 {[%clk 0:36:35]} Rc6 {[%clk 1:23:24]} 23. Bf3 {[%clk 0:35:17]}
Rb6 {[%clk 1:21:47]} 24. Bd5 {[%clk 0:33:22]} Bxd5 {[%clk 1:21:43]} 25. Qxd5
{[%clk 0:33:44]} Qc5 {[%clk 1:22:05]} 26. Qf3 {[%clk 0:29:46]} Rf8 {[%clk
1:21:01]} 27. Re7 {[%clk 0:25:39]} d5 {[%clk 1:20:37]} 28. Re5 {[%clk 0:25:55]}
Qb4 {[%clk 1:20:54]} 29. cxd5 {[%clk 0:15:14]} Qxb3 {[%clk 1:21:12]} 30. Re3
{[%clk 0:14:56]} Qb2 {[%clk 1:19:39]} 31. d6 {[%clk 0:13:37]} Rd8 {[%clk
1:16:40]} 32. d7 {[%clk 0:08:06]} Kg7 {[%clk 1:15:29]} 33. Re8 {[%clk 0:07:27]}
Rf6 {[%clk 1:13:18]} 34. Rxd8 {[%clk 0:05:01]} Rxf3 {[%clk 1:13:37]} 35. Rg8+
{[%clk 0:05:10]} Kh6 {[%clk 1:11:25]} 36. gxf3 {[%clk 0:05:26]} a5 {[%clk
1:11:07]} 37. d8Q {[%clk 0:05:42]} a4 {[%clk 1:11:23]} 38. Qh4# {[%clk 0:06:02]}
1-0

[Event "Girls U14 Polish Youth Championship"]
[Site "chess24.com"]
[Date "2018.05.05"]
[Round "9"]
[White "Sokol, Maria"]
[Black "Kaznowska, Weronika"]
[Result "1/2-1/2"]
[Board "19"]
[WhiteElo "1401"]
[WhiteCountry "POL"]
[WhiteFideId "21823383"]
[WhiteEloChange "-7"]
[BlackElo "1131"]
[BlackCountry "POL"]
[BlackFideId "21816719"]
[BlackEloChange "7"]

1. e4 {[%clk 1:30:57]} e5 {[%clk 1:30:53]} 2. Nf3 {[%clk 1:31:13]} Nc6 {[%clk
1:31:15]} 3. Bb5 {[%clk 1:31:28]} a6 {[%clk 1:31:37]} 4. Ba4 {[%clk 1:31:35]} Nf6
{[%clk 1:31:58]} 5. O-O {[%clk 1:31:46]} b5 {[%clk 1:32:10]} 6. Bb3 {[%clk
1:32:07]} Be7 {[%clk 1:32:12]} 7. Re1 {[%clk 1:31:55]} d6 {[%clk 1:32:31]} 8. c3
{[%clk 1:29:58]} O-O {[%clk 1:31:25]} 9. h3 {[%clk 1:28:54]} Bb7 {[%clk 1:30:40]}
10. d3 {[%clk 1:26:56]} h6 {[%clk 1:30:25]} 11. Nbd2 {[%clk 1:23:56]} Rb8 {[%clk
1:28:29]} 12. Nf1 {[%clk 1:21:35]} Nh7 {[%clk 1:28:22]} 13. Ng3 {[%clk 1:21:18]}
Bf6 {[%clk 1:27:56]} 14. Be3 {[%clk 1:20:55]} Ne7 {[%clk 1:27:27]} 15. Qc1 {[%clk
1:20:45]} d5 {[%clk 1:25:51]} 16. Nh5 {[%clk 1:18:45]} dxe4 {[%clk 1:23:54]} 17.
Nxf6+ {[%clk 1:19:08]} Nxf6 {[%clk 1:23:10]} 18. dxe4 {[%clk 1:18:36]} Ng6 {[%clk
1:22:19]} 19. Bc5 {[%clk 1:18:33]} Re8 {[%clk 1:22:10]} 20. Bc2 {[%clk 1:18:51]}
Nf4 {[%clk 1:20:44]} 21. Qd1 {[%clk 1:18:06]} Qxd1 {[%clk 1:20:38]} 22. Raxd1
{[%clk 1:18:22]} Bc6 {[%clk 1:19:43]} 23. Nh4 {[%clk 1:16:57]} Ne6 {[%clk
1:18:47]} 24. Bb4 {[%clk 1:16:31]} Rbd8 {[%clk 1:17:56]} 25. f3 {[%clk 1:15:33]}
Bb7 {[%clk 1:16:00]} 26. Bb3 {[%clk 1:13:45]} Rxd1 {[%clk 1:14:05]} 27. Rxd1
{[%clk 1:13:54]} Nf4 {[%clk 1:09:08]} 28. Nf5 {[%clk 1:13:21]} Ng6 {[%clk
1:08:17]} 29. a4 {[%clk 1:11:50]} Bc6 {[%clk 1:06:01]} 30. axb5 {[%clk 1:10:56]}
axb5 {[%clk 1:06:09]} 31. g3 {[%clk 1:09:34]} Bb7 {[%clk 1:02:52]} 32. Kf2 {[%clk
1:09:14]} Bc6 {[%clk 1:01:26]} 33. Ne3 {[%clk 1:08:05]} Rc8 {[%clk 0:59:20]} 34.
Nd5 {[%clk 1:07:01]} Nxd5 {[%clk 0:58:54]} 35. exd5 {[%clk 1:07:15]} Bd7 {[%clk
0:59:05]} 36. h4 {[%clk 1:07:13]} Nf8 {[%clk 0:58:07]} 37. Re1 {[%clk 1:07:21]}
Re8 {[%clk 0:57:56]} 38. Ba5 {[%clk 1:06:57]} c5 {[%clk 0:57:37]} 39. c4 {[%clk
1:06:10]} bxc4 {[%clk 0:57:16]} 40. Bxc4 {[%clk 1:06:08]} f6 {[%clk 0:57:20]} 41.
Re2 {[%clk 1:05:45]} Rc8 {[%clk 0:57:03]} 42. Bb6 {[%clk 1:05:50]} Ng6 {[%clk
0:56:56]} 43. h5 {[%clk 1:05:54]} Nf8 {[%clk 0:56:22]} 44. d6+ {[%clk 1:03:13]}
Kh8 {[%clk 0:56:40]} 45. Bc7 {[%clk 1:03:37]} Be6 {[%clk 0:55:37]} 46. Bb5 {[%clk
1:03:32]} Bd7 {[%clk 0:55:39]} 47. Bxd7 {[%clk 1:03:25]} Nxd7 {[%clk 0:55:58]}
48. Rc2 {[%clk 1:03:51]} Ra8 {[%clk 0:55:56]} 49. Ke3 {[%clk 1:04:14]} Ra4 {[%clk
0:56:00]} 50. Rc3 {[%clk 1:01:21]} Kg8 {[%clk 0:56:03]} 51. Ra3 {[%clk 1:01:11]}
Rd4 {[%clk 0:52:15]} 52. Ra8+ {[%clk 1:01:18]} Kf7 {[%clk 0:52:36]} 53. Ra7
{[%clk 0:59:12]} Ke6 {[%clk 0:51:52]} 54. Ra8 {[%clk 0:59:25]} Kf7 {[%clk
0:52:13]} 55. Rd8 {[%clk 0:59:06]} Nf8 {[%clk 0:52:02]} 56. Ra8 {[%clk 0:55:45]}
Ne6 {[%clk 0:50:37]} 57. Ra7 {[%clk 0:55:41]} Ke8 {[%clk 0:49:54]} 58. Ra8+
{[%clk 0:54:16]} Kd7 {[%clk 0:49:35]} 59. Ra7 {[%clk 0:54:01]} Kc8 {[%clk
0:49:27]} 1/2-1/2

[Event "Girls U14 Polish Youth Championship"]
[Site "chess24.com"]
[Date "2018.05.05"]
[Round "9"]
[White "Matyjasek, Michalina"]
[Black "Wysocka, Edyta"]
[Result "1-0"]
[Board "20"]
[WhiteElo "1361"]
[WhiteCountry "POL"]
[WhiteFideId "21816743"]
[WhiteEloChange "8"]
[BlackElo "1301"]
[BlackCountry "POL"]
[BlackFideId "21836663"]
[BlackEloChange "-8"]

1. d4 {[%clk 1:30:59]} d5 {[%clk 1:30:56]} 2. c4 {[%clk 1:31:24]} e6 {[%clk
1:31:22]} 3. Nc3 {[%clk 1:31:49]} Nf6 {[%clk 1:31:46]} 4. Nf3 {[%clk 1:32:14]}
Be7 {[%clk 1:32:11]} 5. Bf4 {[%clk 1:32:38]} O-O {[%clk 1:32:33]} 6. e3 {[%clk
1:33:03]} b6 {[%clk 1:32:57]} 7. cxd5 {[%clk 1:33:27]} Nxd5 {[%clk 1:33:18]} 8.
Nxd5 {[%clk 1:33:35]} exd5 {[%clk 1:33:39]} 9. a3 {[%clk 1:33:50]} c5 {[%clk
1:33:43]} 10. Bd3 {[%clk 1:30:46]} c4 {[%clk 1:30:58]} 11. Bc2 {[%clk 1:30:17]}
b5 {[%clk 1:29:52]} 12. O-O {[%clk 1:28:08]} Bg4 {[%clk 1:25:28]} 13. h3 {[%clk
1:27:12]} Bxf3 {[%clk 1:25:29]} 14. Qxf3 {[%clk 1:27:34]} g6 {[%clk 1:21:55]} 15.
Rfc1 {[%clk 0:58:44]} Nc6 {[%clk 1:17:15]} 16. Rd1 {[%clk 0:46:06]} Bf6 {[%clk
1:13:46]} 17. Rab1 {[%clk 0:40:09]} Rc8 {[%clk 1:06:29]} 18. Rdc1 {[%clk
0:37:55]} Re8 {[%clk 1:03:42]} 19. b3 {[%clk 0:37:02]} a6 {[%clk 1:00:10]} 20.
bxc4 {[%clk 0:27:37]} bxc4 {[%clk 0:59:23]} 21. Ba4 {[%clk 0:26:48]} Qa5 {[%clk
0:56:50]} 22. Bxc6 {[%clk 0:18:44]} Rxc6 {[%clk 0:55:55]} 23. Rb7 {[%clk
0:17:38]} Re7 {[%clk 0:47:08]} 24. Rcb1 {[%clk 0:15:34]} Rxb7 {[%clk 0:41:47]}
25. Rxb7 {[%clk 0:15:56]} Rb6 {[%clk 0:39:59]} 26. Rxb6 {[%clk 0:15:35]} Qxb6
{[%clk 0:40:27]} 27. Qxd5 {[%clk 0:15:46]} Qb1+ {[%clk 0:40:29]} 28. Kh2 {[%clk
0:16:01]} c3 {[%clk 0:40:00]} 29. Bh6 {[%clk 0:15:59]} Qb8+ {[%clk 0:40:10]} 30.
g3 {[%clk 0:14:02]} Bg7 {[%clk 0:39:36]} 31. Bf4 {[%clk 0:12:10]} Qb2 {[%clk
0:38:21]} 32. Kg2 {[%clk 0:11:08]} Qxa3 {[%clk 0:38:37]} 33. Bd6 {[%clk 0:11:27]}
1-0

[Event "Girls U14 Polish Youth Championship"]
[Site "chess24.com"]
[Date "2018.05.05"]
[Round "9"]
[White "Mysliwiec, Natalia"]
[Black "Bychowska, Marta"]
[Result "1-0"]
[Board "21"]
[WhiteElo "1391"]
[WhiteCountry "POL"]
[WhiteFideId "21831262"]
[WhiteEloChange "3"]
[BlackElo "1114"]
[BlackCountry "POL"]
[BlackFideId "21889643"]
[BlackEloChange "-3"]

1. d4 {[%clk 1:30:59]} d5 {[%clk 1:30:44]} 2. Bf4 {[%clk 1:31:24]} Nf6 {[%clk
1:31:01]} 3. Nf3 {[%clk 1:31:49]} e6 {[%clk 1:31:20]} 4. e3 {[%clk 1:32:08]} c5
{[%clk 1:31:30]} 5. c3 {[%clk 1:32:22]} Nc6 {[%clk 1:31:27]} 6. Nbd2 {[%clk
1:31:44]} Bd6 {[%clk 1:31:38]} 7. Bg3 {[%clk 1:32:08]} O-O {[%clk 1:31:53]} 8.
Bd3 {[%clk 1:25:40]} Qe7 {[%clk 1:30:17]} 9. O-O {[%clk 1:25:22]} e5 {[%clk
1:28:56]} 10. dxc5 {[%clk 1:25:28]} Bxc5 {[%clk 1:29:15]} 11. e4 {[%clk 1:25:15]}
h6 {[%clk 1:19:23]} 12. exd5 {[%clk 1:22:44]} Nxd5 {[%clk 1:19:17]} 13. Re1
{[%clk 1:23:01]} f6 {[%clk 1:18:11]} 14. b4 {[%clk 1:15:48]} Nxc3 {[%clk
1:13:07]} 15. Qb3+ {[%clk 1:15:52]} Kh8 {[%clk 1:12:48]} 16. bxc5 {[%clk
1:15:23]} Qxc5 {[%clk 1:09:43]} 17. Rac1 {[%clk 1:14:11]} Rd8 {[%clk 1:01:10]}
18. Qxc3 {[%clk 1:13:36]} Qxc3 {[%clk 0:56:38]} 19. Rxc3 {[%clk 1:13:55]} Nb4
{[%clk 0:56:16]} 20. Bc4 {[%clk 1:11:40]} a6 {[%clk 0:55:42]} 21. a3 {[%clk
1:10:45]} Nc6 {[%clk 0:55:43]} 22. Rd3 {[%clk 1:10:31]} Bf5 {[%clk 0:55:11]} 23.
Rd5 {[%clk 1:03:37]} b5 {[%clk 0:54:22]} 24. Ba2 {[%clk 1:02:39]} Ne7 {[%clk
0:53:15]} 25. Rxd8+ {[%clk 1:00:00]} Rxd8 {[%clk 0:53:33]} 26. Bb1 {[%clk
0:59:58]} Be6 {[%clk 0:49:48]} 27. Ne4 {[%clk 0:56:46]} Bg4 {[%clk 0:48:43]} 28.
h3 {[%clk 0:55:46]} Bxf3 {[%clk 0:45:44]} 29. gxf3 {[%clk 0:56:12]} f5 {[%clk
0:44:35]} 30. Nc5 {[%clk 0:55:31]} f4 {[%clk 0:44:00]} 31. Bh2 {[%clk 0:52:17]}
Nc6 {[%clk 0:42:37]} 32. Nd3 {[%clk 0:49:47]} Rd5 {[%clk 0:40:53]} 33. Bxf4
{[%clk 0:49:45]} Nd4 {[%clk 0:39:46]} 34. Nxe5 {[%clk 0:49:37]} Rxe5 {[%clk
0:40:00]} 35. Rxe5 {[%clk 0:50:04]} Nxf3+ {[%clk 0:40:17]} 36. Kg2 {[%clk
0:50:33]} Nxe5 {[%clk 0:40:15]} 37. Bxe5 {[%clk 0:50:57]} Kg8 {[%clk 0:40:27]}
38. Be4 {[%clk 0:51:21]} a5 {[%clk 0:40:01]} 39. Bc6 {[%clk 0:51:40]} b4 {[%clk
0:40:05]} 40. a4 {[%clk 0:52:06]} Kf7 {[%clk 0:40:07]} 41. Bc7 {[%clk 0:52:28]}
b3 {[%clk 0:40:09]} 42. Bxa5 {[%clk 0:52:50]} b2 {[%clk 0:40:26]} 43. Be4 {[%clk
0:53:18]} 1-0